header

Saving strangers (Record no. 21164)

MARC details
000 -LEADER
fixed length control field 01208nam a2200301Ia 4500
100 1# - MAIN ENTRY--AUTHOR NAME
Personal name Wheeler, Nicholas J.
245 10 - TITLE STATEMENT
Title Saving strangers
260 ## - PUBLICATION, DISTRIBUTION, ETC. (IMPRINT)
Place of publication Oxford ;
-- New York :
Name of publisher Oxford University Press,
Year of publication 2000.
300 ## - PHYSICAL DESCRIPTION
Number of Pages xv, 336 p.
650 #0 - SUBJECT ADDED ENTRY--TOPICAL TERM
Topical Term Humanitarian intervention.
Topical Term Intervention (International law)
856 40 - ELECTRONIC LOCATION AND ACCESS
Uniform Resource Identifier http://site.ebrary.com/lib/rucke/Doc?id=10272786

No items available.

© 2026 Rongo University
Contact us: librarian | system librarian | Rongo university